<?xml version="1.0" encoding="UTF-8"?>
<record
    xmlns:xsi="http://www.w3.org/2001/XMLSchema-instance"
    xsi:schemaLocation="http://www.loc.gov/MARC21/slim http://www.loc.gov/standards/marcxml/schema/MARC21slim.xsd"
    xmlns="http://www.loc.gov/MARC21/slim">

  <leader>00673nam a22002657a 4500</leader>
  <controlfield tag="003">OSt</controlfield>
  <controlfield tag="005">20140310183115.0</controlfield>
  <controlfield tag="008">121211t        xxu||||| |||| 00| 0 eng d</controlfield>
  <datafield tag="020" ind1=" " ind2=" ">
    <subfield code="a">9718711066</subfield>
  </datafield>
  <datafield tag="050" ind1=" " ind2=" ">
    <subfield code="a">DS668</subfield>
    <subfield code="b">.Ag275 1990</subfield>
  </datafield>
  <datafield tag="082" ind1=" " ind2=" ">
    <subfield code="a">FIL 959.9</subfield>
    <subfield code="b">Ag7 1990</subfield>
  </datafield>
  <datafield tag="245" ind1=" " ind2=" ">
    <subfield code="a">History of the Filipino people</subfield>
    <subfield code="c">Agoncillo, Teodoro A.</subfield>
  </datafield>
  <datafield tag="260" ind1=" " ind2=" ">
    <subfield code="a">Quezon city </subfield>
    <subfield code="b">GAROTECH Publishing</subfield>
    <subfield code="c">1990</subfield>
  </datafield>
  <datafield tag="300" ind1=" " ind2=" ">
    <subfield code="a">xii, 637 p. </subfield>
    <subfield code="c">22 cm.</subfield>
  </datafield>
  <datafield tag="521" ind1=" " ind2=" ">
    <subfield code="a">college students</subfield>
  </datafield>
  <datafield tag="526" ind1=" " ind2=" ">
    <subfield code="c">1210L-1700L</subfield>
  </datafield>
  <datafield tag="541" ind1=" " ind2=" ">
    <subfield code="j">1</subfield>
  </datafield>
  <datafield tag="541" ind1=" " ind2=" ">
    <subfield code="j">2</subfield>
  </datafield>
  <datafield tag="541" ind1=" " ind2=" ">
    <subfield code="j">3</subfield>
  </datafield>
  <datafield tag="541" ind1=" " ind2=" ">
    <subfield code="j">4</subfield>
  </datafield>
  <datafield tag="541" ind1=" " ind2=" ">
    <subfield code="j">5</subfield>
  </datafield>
  <datafield tag="541" ind1=" " ind2=" ">
    <subfield code="j">6</subfield>
  </datafield>
  <datafield tag="562" ind1=" " ind2=" ">
    <subfield code="e">6</subfield>
  </datafield>
  <datafield tag="942" ind1=" " ind2=" ">
    <subfield code="2">lcc</subfield>
    <subfield code="c">BK</subfield>
    <subfield code="k">FIL</subfield>
  </datafield>
  <datafield tag="999" ind1=" " ind2=" ">
    <subfield code="c">18885</subfield>
    <subfield code="d">18885</subfield>
  </datafield>
  <datafield tag="952" ind1=" " ind2=" ">
    <subfield code="0">0</subfield>
    <subfield code="1">0</subfield>
    <subfield code="2">lcc</subfield>
    <subfield code="4">0</subfield>
    <subfield code="a">A</subfield>
    <subfield code="b">A</subfield>
    <subfield code="c">NULL</subfield>
    <subfield code="d">2013-05-16</subfield>
    <subfield code="e">DONATION</subfield>
    <subfield code="l">3</subfield>
    <subfield code="m">29</subfield>
    <subfield code="o">DS668 .Ag275 1990</subfield>
    <subfield code="p">C5530</subfield>
    <subfield code="r">2018-05-08 00:00:00</subfield>
    <subfield code="s">2016-01-14</subfield>
    <subfield code="t">1</subfield>
    <subfield code="w">2013-05-16</subfield>
    <subfield code="y">BK</subfield>
  </datafield>
  <datafield tag="952" ind1=" " ind2=" ">
    <subfield code="0">0</subfield>
    <subfield code="1">0</subfield>
    <subfield code="2">lcc</subfield>
    <subfield code="4">0</subfield>
    <subfield code="a">A</subfield>
    <subfield code="b">A</subfield>
    <subfield code="c">NULL</subfield>
    <subfield code="d">2013-05-28</subfield>
    <subfield code="e">DONATION</subfield>
    <subfield code="l">6</subfield>
    <subfield code="m">45</subfield>
    <subfield code="o">DS 668 .Ag275 1990 </subfield>
    <subfield code="p">C11307</subfield>
    <subfield code="r">2018-05-08 00:00:00</subfield>
    <subfield code="s">2018-02-08</subfield>
    <subfield code="t">5</subfield>
    <subfield code="w">2013-05-28</subfield>
    <subfield code="y">BK</subfield>
  </datafield>
  <datafield tag="952" ind1=" " ind2=" ">
    <subfield code="0">0</subfield>
    <subfield code="1">0</subfield>
    <subfield code="2">lcc</subfield>
    <subfield code="4">0</subfield>
    <subfield code="a">A</subfield>
    <subfield code="b">A</subfield>
    <subfield code="c">NULL</subfield>
    <subfield code="d">2015-03-05</subfield>
    <subfield code="e">DONATION</subfield>
    <subfield code="l">4</subfield>
    <subfield code="m">14</subfield>
    <subfield code="o">DS 668 .Ag275 1990</subfield>
    <subfield code="p">C11262</subfield>
    <subfield code="r">2019-08-15 00:00:00</subfield>
    <subfield code="s">2019-08-05</subfield>
    <subfield code="w">2015-03-05</subfield>
    <subfield code="y">BK</subfield>
  </datafield>
</record>
